00713nam a2200169 a 4500008004100000020001500041050001400056100002000070245009300090260004600183300002300229350000900252650004100261995009400302999001700396952013000413080109s1974 ||||||||||||||||| || u a0442264933 aQA 40 Han aPearson, Carl E10aHandbook of applied mathematics: selected results and methodscedited by Carl E. Pearson aNew York:bVan Nostrand Reinhold Coc1974 axiii, 1265p. : ill a0.00 0aMATHEMATICS--HANDBOOKS, MANUALS, ETC D0.00FCBU-MAIN LIBRARY (Kitwe)H1I60.80M1UDAMAGEDZMain Library Open Access Collection c45244d45244 00102lcc4070a001b001cMain Library Open Access Collectiond2022-11-30l0oQA 40 Hanp011894r2022-11-30w2022-11-30y002